[Event "Pretoria USSA op"]
[Site "Pretoria"]
[Date "2013.12.05"]
[Round "6"]
[White "Motala, Ml"]
[Black "Gumede, Ayanda"]
[Result "1-0"]
[WhiteElo "1662"]
[BlackElo "1341"]
[PlyCount "112"]
[EventDate "2013.12.02"]
[EventType "swiss"]
[EventRounds "9"]
[EventCountry "RSA"]
[SourceTitle "CBM 158 Extra"]
[Source "ChessBase"]
[SourceDate "2014.02.28"]
[SourceVersion "1"]
[SourceVersionDate "2014.02.28"]
[SourceQuality "1"]

1. d4 d5 2. c4 c6 3. Nf3 Bf5 4. Qb3 Qc7 5. cxd5 cxd5 6. Nc3 e6 7. Bf4 Bd6 8. Bxd6 Qxd6 9. Qxb7 Qc6 10. Qb3 Nd7 11. e3 a6 12. Be2 Ngf6 13. Qa3 Nb6 14. Ne5 Qb7 15. 0-0 Nfd7 16. Nxd7 Nxd7 17. Rac1 f6 18. Na4 Kf7 19. Qd6 Rhc8 20. Rxc8 Qxc8 21. Nc5 Nxc5 22. dxc5 Ra7 23. Rc1 Rd7 24. Qxa6 Qxa6 25. Bxa6 Ra7 26. Bf1 Rxa2 27. b4 Ke7 28. b5 Bc2 29. b6 Kd7 30. Bb5+ Kc8 31. h3 Kb7 32. Be8 Rb2 33. Ra1 Rb1+ 34. Rxb1 Bxb1 35. Bf7 Kc6 36. Bxe6 Bd3 37. Bc8 Bb5 38. f3 f5 39. f4 Bd3 40. Kf2 g6 41. Ke1 h5 42. h4 Be4 43. g3 d4 44. exd4 Bd5 45. Kd2 Bf7 46. Kc3 Bd5 47. Kb4 Bf7 48. Ka5 Bc4 49. Ba6 Bd5 50. Bb5+ Kb7 51. c6+ Kb8 52. Ka6 g5 53. hxg5 h4 54. gxh4 Bg8 55. h5 Be6 56. c7+ Ka8 1-0